<?xml version="1.0" encoding="UTF-8"?>
<record
    xmlns:xsi="http://www.w3.org/2001/XMLSchema-instance"
    xsi:schemaLocation="http://www.loc.gov/MARC21/slim http://www.loc.gov/standards/marcxml/schema/MARC21slim.xsd"
    xmlns="http://www.loc.gov/MARC21/slim">

  <leader>03111    a2200253   4500</leader>
  <controlfield tag="001">33907</controlfield>
  <controlfield tag="005">20260407155629.0</controlfield>
  <controlfield tag="008">260407a2013    arg                 spa d</controlfield>
  <controlfield tag="003">AR-UNSa-BCEJYS</controlfield>
  <datafield tag="040" ind1=" " ind2=" ">
    <subfield code="a">AR-UNSa-BCEJYS</subfield>
    <subfield code="b">spa</subfield>
    <subfield code="c">AR-UNSa-BCEJYS</subfield>
  </datafield>
  <datafield tag="080" ind1=" " ind2=" ">
    <subfield code="a">342.9</subfield>
    <subfield code="x">Derecho Administrativo</subfield>
  </datafield>
  <datafield tag="245" ind1="1" ind2="0">
    <subfield code="a">Curso de derecho administrativo</subfield>
  </datafield>
  <datafield tag="020" ind1=" " ind2=" ">
    <subfield code="a">978-950-20-1871-3</subfield>
  </datafield>
  <datafield tag="264" ind1=" " ind2="1">
    <subfield code="a">Buenos Aires :</subfield>
    <subfield code="b">Abeledo Perrot</subfield>
    <subfield code="c">2013</subfield>
  </datafield>
  <datafield tag="300" ind1=" " ind2=" ">
    <subfield code="a">2 v. (xxxviii, 924 ; xxviii, 1940 p.)</subfield>
    <subfield code="c">25 cm.</subfield>
  </datafield>
  <datafield tag="505" ind1=" " ind2=" ">
    <subfield code="a">Vol. I: Primera Parte: El derecho administrativo: 1. Derecho administrativo, funci&#xF3;n administrativa y r&#xE9;gimen exorbitante - 2. Fuentes del derecho administrativo. Relaciones del derecho administrativo con otras ramas del derecho - Segunda Parte: Juricidad administrativa y situaciones jur&#xED;dicas subjetivas: 3. El principio de juricidad, discrecionalidad administrativa y situaciones jur&#xED;dicas subjetivas - Tercera Parte: Personalidad del Estado y organizaci&#xF3;n administrativa: 4. Personalidad del Estado, organizaci&#xF3;n administrativa y &#xF3;rganos estatales - 5. Principios jur&#xED;dicos de la organizaci&#xF3;n administrativa - 6. La organizaci&#xF3;n administrativa argentina: &#xD1;a articulaci&#xF3;n de los ordenamientos nacional, provincial y municipal; La regi&#xF3;n - 7. La organizaci&#xF3;n administrativa argentina: Administraci&#xF3;n nacional centralizada y descentralizada - Parte Cuarta: Acto administrativo: 8. El acto administrativo - Parte Quinta: Actividad administrativa de prestaci&#xF3;n, fomento y coacci&#xF3;n: 9. El servicio p&#xFA;blico y los entes reguladores - 10. La actividad administrativa de coacci&#xF3;n - 11. Fomento - Parte Sexta: Contratos administrativos: 12. Los contratos administrativos en general - 13. Formaci&#xF3;n de los contratos administrativos - 14. Los procedimientos de selecci&#xF3;n del contratista (I) La Licitaci&#xF3;n P&#xFA;blica - 15. Los procedimientos de selecci&#xF3;n del contratista (II) Otros sistemas de restricci&#xF3;n - 16. Ejecuci&#xF3;n de los contratos administrativos - Vol. II: 17. Los contratos administrativos en especial - Parte s&#xE9;ptima: Procedimiento administrativo: 18. El procedimiento administrativo - 19. La impugnaci&#xF3;n en sede administrativa de la actividad administrativa - 20. El principio de participaci&#xF3;n ciudadana en el procedimiento administrativo - Parte octava: Control judicial de la administraci&#xF3;n p&#xFA;blica y responsabilidad del Estado: 21. Principios generales del control judicial - 22. Responsabilidad del estado - Parte novena: Dominio p&#xFA;blico y privado del Estado. Limitaciones administrativas a la propiedad: 23. Dominio p&#xFA;blico y privado del Estado - 24. Limitaciones administrativas a la propiedad privada - Parte d&#xE9;cima: Otros estudios: 25. Una experiencia docente en el posgrado de derecho administrativo. A diez a&#xF1;os del inicio del m&#xE1;ster en derecho administrativo.</subfield>
  </datafield>
  <datafield tag="041" ind1=" " ind2=" ">
    <subfield code="a">spa</subfield>
  </datafield>
  <datafield tag="942" ind1=" " ind2=" ">
    <subfield code="c">BK</subfield>
  </datafield>
  <datafield tag="590" ind1=" " ind2=" ">
    <subfield code="a">niveau_biblio:m niveau_hierar:0</subfield>
  </datafield>
  <datafield tag="100" ind1="1" ind2=" ">
    <subfield code="a">Comadira, Julio Rodolfo</subfield>
  </datafield>
  <datafield tag="700" ind1="1" ind2=" ">
    <subfield code="a">Escola, H&#xE9;ctor Jorge</subfield>
  </datafield>
  <datafield tag="700" ind1="1" ind2=" ">
    <subfield code="a">Comadira, Julio Pablo</subfield>
  </datafield>
  <datafield tag="856" ind1="4" ind2="1">
    <subfield code="u">https://www.biblioeco.unsa.edu.ar/pmb/images/libros/L127545.jpg</subfield>
    <subfield code="y">Imagen de portada</subfield>
    <subfield code="q">image/jpeg</subfield>
  </datafield>
  <datafield tag="999" ind1=" " ind2=" ">
    <subfield code="c">2402</subfield>
    <subfield code="d">2402</subfield>
  </datafield>
  <datafield tag="952" ind1=" " ind2=" ">
    <subfield code="0">0</subfield>
    <subfield code="1">0</subfield>
    <subfield code="4">0</subfield>
    <subfield code="7">0</subfield>
    <subfield code="a">BCEJYS</subfield>
    <subfield code="b">BCEJYS</subfield>
    <subfield code="c">16</subfield>
    <subfield code="d">2026-04-07</subfield>
    <subfield code="l">0</subfield>
    <subfield code="o">342.9 C728 v.2</subfield>
    <subfield code="p">L125395</subfield>
    <subfield code="r">2026-04-07 15:56:29</subfield>
    <subfield code="w">2026-04-07</subfield>
    <subfield code="y">L</subfield>
  </datafield>
  <datafield tag="952" ind1=" " ind2=" ">
    <subfield code="0">0</subfield>
    <subfield code="1">0</subfield>
    <subfield code="4">0</subfield>
    <subfield code="7">0</subfield>
    <subfield code="a">BCEJYS</subfield>
    <subfield code="b">BCEJYS</subfield>
    <subfield code="c">16</subfield>
    <subfield code="d">2026-04-07</subfield>
    <subfield code="l">0</subfield>
    <subfield code="o">342.9 C728 v.2</subfield>
    <subfield code="p">L125394</subfield>
    <subfield code="r">2026-04-07 15:56:29</subfield>
    <subfield code="w">2026-04-07</subfield>
    <subfield code="y">L</subfield>
  </datafield>
  <datafield tag="952" ind1=" " ind2=" ">
    <subfield code="0">0</subfield>
    <subfield code="1">0</subfield>
    <subfield code="4">0</subfield>
    <subfield code="7">0</subfield>
    <subfield code="a">BCEJYS</subfield>
    <subfield code="b">BCEJYS</subfield>
    <subfield code="c">16</subfield>
    <subfield code="d">2026-04-07</subfield>
    <subfield code="l">0</subfield>
    <subfield code="o">342.9 C728 v.1</subfield>
    <subfield code="p">L127545</subfield>
    <subfield code="r">2026-04-07 15:56:29</subfield>
    <subfield code="w">2026-04-07</subfield>
    <subfield code="y">L</subfield>
  </datafield>
  <datafield tag="952" ind1=" " ind2=" ">
    <subfield code="0">0</subfield>
    <subfield code="1">0</subfield>
    <subfield code="4">0</subfield>
    <subfield code="7">0</subfield>
    <subfield code="a">BCEJYS</subfield>
    <subfield code="b">BCEJYS</subfield>
    <subfield code="c">16</subfield>
    <subfield code="d">2026-04-07</subfield>
    <subfield code="l">0</subfield>
    <subfield code="o">342.9 C728 v.2</subfield>
    <subfield code="p">L127546</subfield>
    <subfield code="r">2026-04-07 15:56:29</subfield>
    <subfield code="w">2026-04-07</subfield>
    <subfield code="y">L</subfield>
  </datafield>
  <datafield tag="952" ind1=" " ind2=" ">
    <subfield code="0">0</subfield>
    <subfield code="1">0</subfield>
    <subfield code="4">0</subfield>
    <subfield code="7">0</subfield>
    <subfield code="a">BCEJYS</subfield>
    <subfield code="b">BCEJYS</subfield>
    <subfield code="c">16</subfield>
    <subfield code="d">2026-04-07</subfield>
    <subfield code="l">0</subfield>
    <subfield code="o">342.9 C728 v.2</subfield>
    <subfield code="p">L127547</subfield>
    <subfield code="r">2026-04-07 15:56:29</subfield>
    <subfield code="w">2026-04-07</subfield>
    <subfield code="y">L</subfield>
  </datafield>
  <datafield tag="952" ind1=" " ind2=" ">
    <subfield code="0">0</subfield>
    <subfield code="1">0</subfield>
    <subfield code="4">0</subfield>
    <subfield code="7">0</subfield>
    <subfield code="a">BCEJYS</subfield>
    <subfield code="b">BCEJYS</subfield>
    <subfield code="c">16</subfield>
    <subfield code="d">2026-04-07</subfield>
    <subfield code="l">0</subfield>
    <subfield code="o">342.9 C728 v.1</subfield>
    <subfield code="p">L127548</subfield>
    <subfield code="r">2026-04-07 15:56:29</subfield>
    <subfield code="w">2026-04-07</subfield>
    <subfield code="y">L</subfield>
    <subfield code="z">CANTOS MANCHADOS</subfield>
  </datafield>
</record>
